| 000 | 00853cab a2200217 4500 | ||
|---|---|---|---|
| 001 | ABS56148 | ||
| 008 | 090401t1996 xxu||||| |||| 00| 0 eng d | ||
| 035 | _a(Sirsi) u21581 | ||
| 041 | _aeng | ||
| 100 | _aMoore, D. | ||
| 245 | 3 | _aAn overview of fragmentation in the UK construction industry as a consideration for buildability | |
| 260 | _c1996 | ||
| 350 | _a0 | ||
| 490 |
_aCampus Construction _vDecember 1996, 12-16(5) |
||
| 520 | _aCriticises the fragmented nature of the construction industry for creating inefficiency and waste. Suggests that a detailed examination of the concept of buildability is essential in combating the `adversarial` relationships between the different sectors of the industry. | ||
| 650 | _aBUILDABILITY | ||
| 650 | _aCONSTRUCTION INDUSTRY | ||
| 690 | _aBUILT ENVIRONMENT | ||
| 942 | _n0 | ||
| 948 | _c04/03/1997 | ||
| 999 |
_c14483 _d14483 |
||